[Event "Valencia Cup tt"]
[Site "Valencia"]
[Date "2011.01.15"]
[Round "1"]
[White "Roman Bordes, Juan"]
[Black "Bas Sanchez, Jose Joaquin"]
[Result "1/2-1/2"]
[WhiteElo "1948"]
[BlackElo "1797"]
[PlyCount "76"]
[EventDate "2011.01.15"]
[EventType "team-tourn"]
[EventRounds "11"]
[EventCountry "ESP"]
[SourceTitle "EXT 2012"]
[Source "ChessBase"]
[SourceDate "2011.11.24"]
[SourceVersion "1"]
[SourceVersionDate "2011.11.24"]
[SourceQuality "1"]
[WhiteTeam "Xeraco CE II"]
[BlackTeam "Fomento Gandia II"]
[WhiteTeamCountry "ESP"]
[BlackTeamCountry "ESP"]

1. c4 Nf6 2. Nc3 e5 3. a3 c6 4. e4 d5 5. cxd5 cxd5 6. exd5 Nxd5 7. Qh5 Nc6 8. Bb5 Qd6 9. Nf3 Bd7 10. Bxc6 Bxc6 11. Qxe5+ Qxe5+ 12. Nxe5 Bc5 13. Nxc6 bxc6 14. Nxd5 cxd5 15. 0-0 0-0 16. b4 Bd4 17. Rb1 Rfe8 18. Rb3 Bb6 19. a4 Rab8 20. d3 Re2 21. Bf4 Rc8 22. a5 Bd4 23. b5 Re7 24. b6 axb6 25. axb6 Rb7 26. Rfb1 f6 27. Bc7 Kf7 28. g3 Be5 29. Bxe5 fxe5 30. Ra1 Ke6 31. Re1 Kd6 32. Kg2 Rcb8 33. Reb1 Kc6 34. Rc3+ Kd6 35. Rcb3 Kc6 36. Rc1+ Kd6 37. Rcb1 Kc6 38. Rc1+ Kd6 1/2-1/2

[Event "Benidorm op U2000 08th"]
[Site "Benidorm"]
[Date "2009.12.01"]
[Round "4"]
[White "Bas Sanchez, Jose Joaquin"]
[Black "Blanco, Juan"]
[Result "0-1"]
[WhiteElo "1750"]
[BlackElo "1941"]
[PlyCount "70"]
[EventDate "2009.11.28"]
[EventType "swiss"]
[EventRounds "10"]
[EventCountry "ESP"]
[SourceTitle "CBM 133 Extra"]
[Source "ChessBase"]
[SourceDate "2010.01.05"]
[SourceVersion "1"]
[SourceVersionDate "2010.01.05"]
[SourceQuality "1"]

1. e4 c5 2. Nf3 d6 3. d4 cxd4 4. Nxd4 Nf6 5. Nc3 Nc6 6. Be2 e5 7. Ndb5 a6 8. Na3 Nd4 9. Bd3 Be6 10. Bg5 Be7 11. 0-0 b5 12. Bxf6 Bxf6 13. Nd5 0-0 14. c3 Nc6 15. Nc2 Bg5 16. a4 Rb8 17. axb5 axb5 18. Qe2 Na5 19. Ncb4 Bxd5 20. Nxd5 Nb3 21. Ra7 Nc1 22. Qc2 Nxd3 23. Qxd3 Qc8 24. Rfa1 Qc4 25. Qxc4 bxc4 26. Nb4 f5 27. Rd7 fxe4 28. Raa7 Bh6 29. Rxd6 e3 30. f3 e2 31. Ra1 Be3+ 32. Kh1 Rfd8 33. Rxd8+ Rxd8 34. Re1 Rd1 35. Nc2 Bf2 0-1

[Event "Valencia Provincial Sur"]
[Site "Valencia"]
[Date "2009.01.24"]
[Round "3.1"]
[White "Soler Ollero, Guillermo"]
[Black "Bas Sanchez, Jose Joaquin"]
[Result "0-1"]
[WhiteElo "1695"]
[BlackElo "1775"]
[PlyCount "84"]
[EventDate "2009.01.10"]
[EventType "team-tourn"]
[EventRounds "5"]
[EventCountry "ESP"]
[SourceTitle "EXT 2011"]
[Source "ChessBase"]
[SourceDate "2010.11.26"]
[SourceVersion "1"]
[SourceVersionDate "2010.11.26"]
[SourceQuality "1"]

1. d4 d5 2. c4 c6 3. cxd5 cxd5 4. Nf3 Nf6 5. Bf4 Nc6 6. Nc3 a6 7. e3 Bg4 8. Be2 e6 9. 0-0 Nh5 10. Bg5 Qd7 11. h3 Bxf3 12. Bxf3 Nf6 13. Na4 Qd8 14. Rc1 Bd6 15. Nc5 Bxc5 16. Rxc5 0-0 17. Qb3 Qd7 18. Bxf6 gxf6 19. Rfc1 Rac8 20. Qb6 Qc7 21. Qb3 Qd7 22. Qa4 Rc7 23. e4 dxe4 24. Bxe4 Rfc8 25. d5 exd5 26. Rxd5 Qe6 27. Rcd1 Ne7 28. Rd8+ Rxd8 29. Rxd8+ Kg7 30. Bd3 Ng6 31. Qe4 Qe5 32. Qxe5 fxe5 33. Re8 Kf6 34. Rd8 Ke6 35. Be4 f5 36. Bd5+ Ke7 37. Rb8 Kd6 38. Rxb7 Rc1+ 39. Kh2 Kxd5 40. Rxh7 Rc2 41. Rh6 Nf4 42. Kg3 Nd3 0-1